000 00341pam a2200157a 44500
008 230515b2010 xxu||||| |||| 00| 0 eng d
020 _a9788131205358
041 _aENGLISH
082 _a0
100 _aHAN / KAMBER
245 _aDATA MINING
250 _a0
260 _aNEW DELHI
_bELSEVIER
_c2010
300 _a770P
650 _aNULL
999 _c598784
_d598784